History of Tipu Sultan (Record no. 19990)

MARC details
000 -LEADER
fixed length control field 00256nam a22001217a 4500
082 ## - DEWEY DECIMAL CLASSIFICATION NUMBER
Classification number 954.0258 MOH
100 ## - MAIN ENTRY--AUTHOR NAME
Author name Mohibbulhasan
245 ## - TITLE STATEMENT
Title History of Tipu Sultan
260 ## - PUBLICATION, DISTRIBUTION, ETC. (IMPRINT)
Name of publisher Common Wealth
Year of publication 1971
300 ## - PHYSICAL DESCRIPTION
Number of Pages 442
650 ## - SUBJECT ADDED ENTRY--TOPICAL TERM
Topical Term Tipu Sultan
942 ## - ADDED ENTRY ELEMENTS (KOHA)
Koha item type Books
Holdings
Home library Current library Date acquired Source of acquisition Cost, normal purchase price Full call number Accession Number Koha item type
Henry Martyn Institute Library Henry Martyn Institute Library 04/05/2016 flipkart 395.00 954.0258 MOH 25038 Books
                   Copyright © 2026 | Henry Martyn Institute | Hyderabad | TS-500052 | INDIA | Implemented by hmi.edu.in
Hit-Count:

Powered by Koha